Velká kniha hardware

Gespeichert in:
Bibliographische Detailangaben
Hauptverfasser: Messmer, Hans-Peter (Verfasst von), Dembowski, Klaus (Verfasst von)
Format: Buch
Sprache:Tschechisch
Veröffentlicht: Praha : Computer Press, 2005
Schlagworte:
Tags: Tag hinzufügen
Keine Tags, Fügen Sie das erste Tag hinzu!

MARC

LEADER 00000nam a22000003a 4500
001 stu113326
005 20220511140757.0
008 060308s2005----xr------------------cze-d
020 |a 80-251-0416-8 
040 |a STU  |b slo 
041 0 |a cze 
044 |a xr 
080 |a 681.324 
100 1 |a Messmer, Hans-Peter  |4 aut 
245 1 |a Velká kniha hardware 
260 |a Praha :  |b Computer Press,  |c 2005 
300 |a 1224 s. 
650 7 |a hardware  |2 estusub 
700 1 |a Dembowski, Klaus  |4 aut 
996 |b 284EK87026  |c E*87026  |l EE22  |s P  |a 0  |w stu113326_0002 
996 |b 284EK86720  |c E*86720  |l EE30  |s P  |a 0  |w stu113326_0003 
996 |b 284EK86534  |c E*86534  |l EE12  |s P  |a 0  |w stu113326_0004 
996 |c V*49267/O-21725  |l VV23  |s P  |a 0  |w stu113326_0005 
996 |b 284EK86141  |c E*86141  |l EE01  |s A  |a 24  |w stu113326_0006